000 00792nam a2200265Ia 4500
003 OSt
005 20220924115336.0
006 a|||||r|||| 00| 0
007 ta
008 220923b |||||||| |||| 00| 0 urd d
020 _a8190226037 (hbk)
020 _cINR 300.00
024 _a324551
037 _b4934, 25/02/2017, Kitabi Duniya
_cTextual
040 _aARTS
_cARTS
_burd
041 _2urd
_aurd
082 _aO168,6NAQx, Q5
100 _aAhmad Shaikh Aqeel Au.
_9177876
245 0 _aAdab, astoor aur aafaaq
260 _aDelhi
_bArshia publications India
_c2015
300 _a299p.
_ccm.
650 _aURDU PROSE
_926866
942 _hO168,6NAQx, Q5
_cTEXL
_2CC
999 _c397927
_d397927